Statistics for London Underground - District Line

Click here to take the quiz!

General Stats

  • This quiz has been taken 64 times
  • The average score is 36 of 60

Answer Stats

Station% Correct
Earl's Court
88%
Richmond
85%
South Kensington
82%
Victoria
82%
Upminster
79%
Wimbledon
79%
Barons Court
76%
Ravenscourt Park
76%
Sloane Square
74%
Temple
74%
Ealing Broadway
71%
Hammersmith
71%
Westminster
71%
East Ham
68%
Fulham Broadway
68%
High Street Kensington
68%
Mansion House
68%
Putney Bridge
68%
Aldgate East
65%
Embankment
65%
Notting Hill Gate
65%
West Ham
65%
Bayswater
62%
Chiswick Park
62%
Edgware Road
62%
Paddington
62%
Turnham Green
62%
Barking
59%
Blackfriars
59%
Dagenham East
59%
Gloucester Road
59%
Kew Gardens
59%
Monument
59%
Parsons Green
59%
Southfields
59%
Cannon Street
56%
East Putney
56%
Gunnersbury
56%
Mile End
56%
Stamford Brook
56%
Tower Hill
56%
Upminster Bridge
56%
Acton Town
53%
Dagenham Heathway
53%
Upton Park
53%
West Kensington
53%
Whitechapel
53%
Wimbledon Park
53%
Elm Park
50%
Kensington Olympia
50%
Upney
50%
Ealing Common
47%
Plaistow
47%
Stepney Green
47%
St James's Park
47%
West Brompton
47%
Bow Road
44%
Bromley-by-Bow
41%
Becontree
35%
Hornchurch
32%

Score Distribution

Percentile by Number Answered

Percent of People with Each Score

Your Score History

You have not taken this quiz